000 00843cam a22002413a 4500
001 4757
003 PGUSA
005 20140828083108.0
008 031201s2003||||xxu|||||s|||||000 e eng d
040 _aPGUSA
_beng
042 _adc
050 4 _aPS
100 1 _aWright, J. W.
_q(Jacob William),
_d1871-
245 1 4 _aThe Long Ago
_h[electronic resource] /
_cJ. W. Wright
260 _bProject Gutenberg,
_c2003
505 0 _aThe garden -- The river -- Christmas -- Butter, eggs, ducks, geese -- The sugar barrels -- Jimmy, the lamplighter -- Flies -- The autumn leaves -- Getting in the wood -- The rain -- Grandmother -- When day is done.
506 _aPublic domain in the USA.
516 _aElectronic text
653 _aEssays
830 0 _aProject Gutenberg
_v4757
856 4 0 _uhttp://www.gutenberg.org/ebooks/4757
942 _cEB
999 _c234086
_d234086